000
00279nam a2200109Ia 4500
001
1275904
005
20260417160437.0
008
260417s9999 xx 000 0 und d
020
_a
9772149467966
245
0
_a
İlham Kutusu Muhammed Ali
_c
Beliz Yüksel
260
_b
Ketebe Çocuk
999
_c
1275904
_d
1275904